[Event "SR 3. liga A2 2014/2015"]
[Site "?"]
[Date "2015.01.25"]
[Round "7.1"]
[White "Benak, Peter"]
[Black "Hornak, Pavol"]
[Result "0-1"]
[WhiteElo "1615"]
[BlackElo "1766"]
[PlyCount "106"]
[EventDate "2015.??.??"]

1. e4 c5 2. f4 e6 3. Nf3 Nc6 4. Bb5 Qc7 5. d3 Qa5+ 6. Nc3 Nd4 7. Bc4 b5 8. Bb3
Nxb3 9. cxb3 Bb7 10. O-O Nf6 11. Bd2 Qb6 12. Be3 Ng4 13. Qe2 Nxe3 14. Qxe3 Be7
15. Kh1 O-O 16. Rfd1 a6 17. Rac1 Rac8 18. Qe2 d6 19. d4 cxd4 20. Nxd4 Qa7 21.
Rc2 Qa8 22. Re1 Rc7 23. a3 Rfc8 24. e5 d5 25. b4 Rc4 26. Qd2 Qa7 27. Nce2 Rxc2
28. Nxc2 Qf2 29. Qe3 Qxe3 30. Nxe3 f6 31. Rc1 Rxc1+ 32. Nxc1 fxe5 33. Ng4 exf4
34. Ne2 g5 35. Nd4 h5 36. Nf2 Kf7 37. b3 Kf6 38. Kg1 e5 39. Nc2 Kf5 40. h3 g4
41. hxg4+ hxg4 42. Nd3 Bf6 43. Nc5 Bc8 44. a4 bxa4 45. bxa4 Be7 46. Nd3 Bd7 47.
Nb2 Ke4 48. Kf2 d4 49. Ke2 f3+ 50. gxf3+ gxf3+ 51. Kf2 Bh4+ 52. Kg1 f2+ 53. Kg2
Bh3+ 0-1

[Event "SR 3. liga A2 2014/2015"]
[Site "?"]
[Date "2015.01.25"]
[Round "7.3"]
[White "Danada, Tomas"]
[Black "Spacek, Oliver"]
[Result "0-1"]
[WhiteElo "2118"]
[BlackElo "2011"]
[PlyCount "81"]
[EventDate "2015.??.??"]

1. e4 c5 2. Nf3 a6 3. c3 Nf6 4. e5 Nd5 5. d4 cxd4 6. Qxd4 e6 7. g3 d6 8. Bg2 b5
9. a4 Bb7 10. axb5 axb5 11. Rxa8 Bxa8 12. O-O Nc6 13. Qd3 dxe5 14. Qxb5 Bd6 15.
Rd1 Qe7 16. b4 O-O 17. Qe2 f6 18. Be3 e4 19. Nd4 Nxe3 20. Nxc6 Bxc6 21. Qxe3 f5
22. Qb6 Rc8 23. Bf1 f4 24. Qa6 Rc7 25. b5 Bd5 26. c4 Bxc4 27. Qa8+ Kf7 28. b6
Rc5 29. Qxe4 Bd5 30. Qxh7 Be5 31. Qh4 Qxh4 32. gxh4 Rc2 33. b7 Ke7 34. Bg2 f3
35. Bf1 Bxb7 36. Bd3 Rb2 37. Rd2 Rb4 38. Ra2 Kf6 39. Ra7 Be4 40. Bxe4 Rxe4 41.
Kf1 0-1

[Event "SR 3. liga A2 2014/2015"]
[Site "?"]
[Date "2015.01.25"]
[Round "7.3"]
[White "Hecko, Dusan"]
[Black "Veselsky, Jozef"]
[Result "0-1"]
[WhiteElo "2105"]
[BlackElo "2133"]
[PlyCount "72"]
[EventDate "2015.??.??"]

1. c4 e6 2. Nc3 d5 3. cxd5 exd5 4. d4 Nf6 5. Nf3 Be7 6. Bf4 c6 7. e3 O-O 8. h3
Bf5 9. Bd3 Bxd3 10. Qxd3 Na6 11. O-O Re8 12. Rfd1 Nc7 13. Rab1 h6 14. b4 Ne4
15. Bxc7 Qxc7 16. Rdc1 Nxc3 17. Qxc3 a6 18. a4 Rec8 19. Ne5 Bd6 20. Nd3 Qe7 21.
Qb3 Rc7 22. b5 axb5 23. axb5 Ra3 24. Qd1 cxb5 25. Ne5 b4 26. g3 Rac3 27. Rxc3
bxc3 28. Qb3 Bxe5 29. dxe5 Qxe5 30. Rc1 d4 31. exd4 Qxd4 32. Rc2 b5 33. Qxb5
Qd1+ 34. Kg2 Qxc2 35. Qb8+ Kh7 36. Qxc7 Qe4+ 0-1

[Event "SR 3. liga A2 2014/2015"]
[Site "?"]
[Date "2015.01.25"]
[Round "7.3"]
[White "Pribila, Gerhard"]
[Black "Diviak, Rastislav"]
[Result "1-0"]
[WhiteElo "2060"]
[BlackElo "2001"]
[PlyCount "99"]
[EventDate "2015.??.??"]

1. e4 d6 2. d4 Nf6 3. Nc3 g6 4. Nf3 Bg7 5. Be2 O-O 6. O-O c6 7. a4 Qc7 8. Bf4
Nbd7 9. e5 Nd5 10. Nxd5 cxd5 11. exd6 exd6 12. c3 Nf6 13. Qb3 Be6 14. Ng5 Bf5
15. Rfe1 Rfe8 16. Qb4 Rad8 17. Bb5 Re7 18. h3 a6 19. Bf1 h6 20. Rxe7 Qxe7 21.
Nf3 Qd7 22. Re1 Ne4 23. Nd2 Nf6 24. Bg3 Bf8 25. Qb3 Be7 26. Be2 Qc6 27. Bf3 Be6
28. Qd1 Qc7 29. Nf1 Qb6 30. Qc1 Kh7 31. Ne3 Rd7 32. Bh4 Qb3 33. Bd1 Qb6 34. Bc2
Rc7 35. Qb1 Qc6 36. Bxf6 Bxf6 37. f4 Bh4 38. Re2 f5 39. g3 Bxg3 40. Nf1 Bxf4
41. Rxe6 Qd7 42. Re2 Qd8 43. Rg2 Rf7 44. Qe1 b5 45. axb5 axb5 46. Qe6 Rf6 47.
Qxd5 Qe7 48. Bb3 Be3+ 49. Kh1 Rf8 50. Qe6 1-0

[Event "SR 3. liga A2 2014/2015"]
[Site "?"]
[Date "2015.01.25"]
[Round "7.3"]
[White "Pericka, Tomas"]
[Black "Kubis, Ivan"]
[Result "0-1"]
[WhiteElo "2010"]
[BlackElo "1991"]
[PlyCount "22"]
[EventDate "2015.??.??"]

1. e4 e5 2. f4 d5 3. exd5 c6 4. fxe5 Qh4+ 5. Ke2 Qe4+ 6. Kf2 Bc5+ 7. d4 Bxd4+
8. Kg3 Ne7 9. h3 Nf5+ 10. Kh2 Bxe5+ 11. g3 Bxg3# 0-1

[Event "SR 3. liga A2 2014/2015"]
[Site "?"]
[Date "2015.01.25"]
[Round "7.3"]
[White "Jozefovic, Milan"]
[Black "Nemeckay, Rastislav"]
[Result "1/2-1/2"]
[WhiteElo "1891"]
[BlackElo "1985"]
[PlyCount "135"]
[EventDate "2015.??.??"]

1. e4 e5 2. Nf3 Nc6 3. Bc4 Be7 4. O-O Nf6 5. d3 d6 6. h3 Na5 7. Nbd2 O-O 8. a3
Nxc4 9. Nxc4 Be6 10. Bg5 Nxe4 11. Bxe7 Qxe7 12. Ncxe5 Nxf2 13. Rxf2 dxe5 14.
Qe2 Rae8 15. Qxe5 Qd7 16. Qg3 Bd5 17. Raf1 Re3 18. Ne5 Rxg3 19. Nxd7 Re8 20.
Kh2 Rg5 21. d4 f6 22. Nc5 Re3 23. Rd1 b6 24. Nd3 Re4 25. c3 Bb3 26. Rdd2 Rd5
27. Nc1 Bc4 28. b3 Ba6 29. Na2 Bb7 30. Nb4 Rd6 31. Nc2 Kf7 32. c4 c6 33. Rfe2
Rde6 34. Rxe4 Rxe4 35. Kg1 Ke6 36. Kf2 Kd6 37. Ne3 g6 38. Ng4 f5 39. Ne3 Kc7
40. b4 Ba6 41. g3 f4 42. gxf4 Rxf4+ 43. Kg3 Re4 44. Rd3 Kd6 45. a4 Bb7 46. c5+
bxc5 47. bxc5+ Kc7 48. Ng4 Ba6 49. Rd2 Re2 50. Rxe2 Bxe2 51. Nf6 h6 52. h4 a5
53. Ng8 Bd1 54. Nxh6 Bxa4 55. Kf3 Bd1+ 56. Ke3 Kd7 57. Kd2 Bf3 58. Nf7 Be4 59.
Nd6 Bd5 60. Kc3 Ke6 61. Nb7 a4 62. Kb4 Bb3 63. Nd8+ Kd5 64. Kc3 Bd1 65. Kb4 a3
66. Kxa3 Kxd4 67. Nxc6+ Kxc5 68. Ne5 1/2-1/2

[Event "SR 3. liga A2 2014/2015"]
[Site "?"]
[Date "2015.01.25"]
[Round "7.3"]
[White "Ocko, Martin"]
[Black "Kocak, Branislav"]
[Result "1-0"]
[WhiteElo "1857"]
[BlackElo "1912"]
[PlyCount "118"]
[EventDate "2015.??.??"]

1. e4 c5 2. d4 cxd4 3. c3 d3 4. c4 Nc6 5. Nf3 e6 6. Bxd3 Qc7 7. O-O Nf6 8. Nc3
a6 9. Qe2 Bd6 10. h3 O-O 11. Bg5 Nh5 12. e5 Bxe5 13. Nxe5 Ng3 14. fxg3 Nxe5 15.
Bf4 Qb6+ 16. Be3 Qc6 17. Bxh7+ Kxh7 18. Qh5+ Kg8 19. Qxe5 Qxc4 20. Rf4 Qc6 21.
Rh4 f5 22. Qc5 d6 23. Qxc6 bxc6 24. Rd1 Rb8 25. Rxd6 Rxb2 26. Rd1 e5 27. Rc4
Rc2 28. Rd2 Rxd2 29. Bxd2 Rf6 30. Kf2 Rd6 31. Bg5 Kf7 32. Rc5 Ke6 33. Na4 Bb7
34. Ra5 Bc8 35. Nc5+ Kf7 36. Nxa6 Bxa6 37. Rxa6 Ke6 38. Ke2 Kd5 39. a4 Ke4 40.
Ra8 c5 41. Bd2 c4 42. a5 Rd3 43. Rc8 Rxg3 44. Rxc4+ Kd5 45. Ra4 Rxg2+ 46. Kd1
Rg3 47. a6 Rxh3 48. a7 Rh1+ 49. Kc2 Rh8 50. a8=Q+ Rxa8 51. Rxa8 f4 52. Rg8 Ke4
53. Bxf4 exf4 54. Rxg7 Kf3 55. Kd1 Kf2 56. Rf7 f3 57. Kd2 Kg2 58. Ke3 f2 59.
Rxf2+ Kg1 1-0

[Event "SR 3. liga A2 2014/2015"]
[Site "?"]
[Date "2015.01.25"]
[Round "7"]
[White "Brunovsky, Peter"]
[Black "Skapik, Branislav"]
[Result "1/2-1/2"]
[WhiteElo "1869"]
[BlackElo "1822"]
[PlyCount "100"]
[EventDate "2015.??.??"]
[WhiteTeam "ŠK Nafta Gbely "]
[BlackTeam "CVÈ Senica"]

1. d4 d5 2. Nf3 Nf6 3. Bf4 e6 4. e3 Bd6 5. Bd3 c5 6. Bxd6 Qxd6 7. c3 c4 8. Bc2
Nc6 9. Nbd2 b5 10. a3 Bb7 11. O-O O-O 12. h3 a5 13. Qe2 Rfe8 14. Rfe1 Qc7 15.
Qf1 Ne7 16. Rad1 b4 17. Ra1 b3 18. Bd1 Nf5 19. Be2 Nd6 20. Red1 Nfe4 21. Nxe4
Nxe4 22. Nd2 Nd6 23. f4 f6 24. Re1 Qf7 25. g4 Qg6 26. Rac1 h6 27. Qg2 e5 28.
Bf3 e4 29. Be2 f5 30. Kf2 Qf6 31. Rg1 fxg4 32. hxg4 g5 33. f5 Kg7 34. Rcf1 Nb5
35. Nb1 Rf8 36. Ke1 Ra6 37. Qg3 Re8 38. Kd2 Nd6 39. Rh1 Nf7 40. Rh5 Rc6 41.
Rfh1 Qd6 42. Qxd6 Rxd6 43. Kc1 Rf6 44. Nd2 Nd6 45. Nf1 Bc6 46. Ng3 Rh8 47. R5h2
Be8 48. Bd1 Nc8 49. Rh3 Nb6 50. R1h2 Na4 1/2-1/2

[Event "SR 3. liga A2 2014/2015"]
[Site "?"]
[Date "2015.01.25"]
[Round "7.3"]
[White "Spacek, Marcel"]
[Black "Kanka, Tomas"]
[Result "1-0"]
[WhiteElo "1690"]
[BlackElo "1723"]
[PlyCount "87"]
[EventDate "2015.??.??"]

1. d4 Nf6 2. c4 c5 3. d5 b5 4. cxb5 a6 5. bxa6 Bxa6 6. g3 g6 7. Bg2 d6 8. Nc3
Bg7 9. Nf3 O-O 10. O-O Nbd7 11. Rb1 Qc7 12. a4 Rfb8 13. Nd2 Ng4 14. Qc2 Rb4 15.
b3 Rab8 16. Ba3 R4b7 17. h3 Nh6 18. g4 f5 19. g5 Nf7 20. f4 Qa5 21. Bb2 Nb6 22.
Ba1 Nd8 23. b4 cxb4 24. Nb3 Bd3 25. Qxd3 Qa7 26. Nb5 Qxa4 27. Bxg7 Nd7 28. N5d4
Nc5 29. Nxc5 dxc5 30. Ne6 Nxe6 31. dxe6 Kxg7 32. Bxb7 Rxb7 33. Qd5 Qb5 34. Qe5+
Kg8 35. Rfd1 Qb6 36. Ra1 Rb8 37. Rd7 c4+ 38. e3 Rc8 39. Raa7 Rd8 40. Rxe7 Rd1+
41. Kf2 Rd2+ 42. Kg3 Qxe3+ 43. Qxe3 Rd8 44. Rg7+ 1-0

[Event "SR 3. liga A2 2014/2015"]
[Site "?"]
[Date "2015.01.25"]
[Round "7.4"]
[White "Sturdik, Igor"]
[Black "Kucharek, Jaroslav"]
[Result "1/2-1/2"]
[WhiteElo "1990"]
[BlackElo "2067"]
[PlyCount "37"]
[EventDate "2015.??.??"]

1. e4 e5 2. Nf3 d6 3. d4 Nd7 4. Bc4 c6 5. a4 Be7 6. O-O Ngf6 7. Nc3 O-O 8. Qe2
Qc7 9. h3 Ne8 10. Be3 Ndf6 11. Bb3 h6 12. a5 Kh8 13. Nd2 g5 14. g4 Ng7 15. Rfd1
h5 16. f3 Ng8 17. Nf1 h4 18. Qd2 f6 19. Bf2 1/2-1/2

[Event "SR 3. liga A2 2014/2015"]
[Site "?"]
[Date "2015.01.25"]
[Round "7.4"]
[White "Blatnicky, Miroslav"]
[Black "Nicolini, Alexander"]
[Result "1/2-1/2"]
[WhiteElo "2056"]
[BlackElo "2120"]
[PlyCount "28"]
[EventDate "2015.??.??"]

1. d4 f5 2. c4 Nf6 3. Nc3 g6 4. e3 Bg7 5. Bd3 d6 6. f4 e5 7. Nge2 O-O 8. O-O
Re8 9. Qb3 exd4 10. exd4 c6 11. Bd2 Qb6 12. Qxb6 axb6 13. h3 Be6 14. b3 d5
1/2-1/2

[Event "SR 3. liga A2 2014/2015"]
[Site "?"]
[Date "2015.01.25"]
[Round "7.4"]
[White "Kolenak, Matus"]
[Black "Hirmajer, Jan"]
[Result "1-0"]
[WhiteElo "1977"]
[BlackElo "1966"]
[PlyCount "47"]
[EventDate "2015.??.??"]

1. e4 c5 2. Nf3 Nc6 3. c4 g6 4. d4 cxd4 5. Nxd4 Bg7 6. Be3 d6 7. Nc3 Qb6 8.
Ndb5 Bxc3+ 9. bxc3 Qa5 10. Rb1 Nf6 11. f3 a6 12. Bb6 Qxa2 13. Nc7+ Kf8 14. Nxa8
Kg7 15. Qb3 Qxb3 16. Rxb3 Bd7 17. Nc7 e6 18. Be2 Rc8 19. O-O Kf8 20. Rd1 Ke7
21. c5 dxc5 22. Bxc5+ Kd8 23. Rxb7 Rxc7 24. Bb6 1-0

[Event "SR 3. liga A2 2014/2015"]
[Site "?"]
[Date "2015.01.25"]
[Round "7.4"]
[White "Jakubec, Milan"]
[Black "Bukovsky, Milan"]
[Result "1-0"]
[WhiteElo "2102"]
[BlackElo "1922"]
[PlyCount "133"]
[EventDate "2015.??.??"]

1. e4 e5 2. Nf3 Nc6 3. Bc4 Nf6 4. d3 Be7 5. Nc3 d6 6. Bg5 O-O 7. a3 h6 8. Be3
Kh8 9. h3 Na5 10. Ba2 b6 11. Qd2 c6 12. d4 Qc7 13. O-O-O Ba6 14. g4 Nh7 15.
dxe5 dxe5 16. Qd7 Qxd7 17. Rxd7 Bf6 18. b3 Bc8 19. Rd3 Be6 20. Rg1 Ng5 21. Bxg5
hxg5 22. Rgd1 Nb7 23. b4 Bxa2 24. Nxa2 Rfd8 25. Rd7 Rxd7 26. Rxd7 Nd8 27. h4
Ne6 28. hxg5 Nxg5 29. Nxg5 Bxg5+ 30. Kb2 Kg8 31. c4 Bh4 32. f3 Bf2 33. Kb3 a5
34. Nc3 axb4 35. axb4 Rc8 36. b5 cxb5 37. Nxb5 Bc5 38. Nc3 Ra8 39. Na4 Bf2 40.
Rd2 Be3 41. Rd3 Bf2 42. Rd6 Kf8 43. Rc6 Ke7 44. Rc7+ Ke8 45. Rb7 Ra6 46. g5 g6
47. Rb8+ Ke7 48. Nc3 Bc5 49. Nd5+ Kd6 50. Rd8+ Kc6 51. Nb4+ Bxb4 52. Kxb4 Ra1
53. Rf8 Ra7 54. Rc8+ Kb7 55. Re8 Kc6 56. Rxe5 Kd6 57. Rd5+ Kc6 58. e5 Ra1 59.
Rd6+ Kc7 60. Rf6 Rb1+ 61. Kc3 Rc1+ 62. Kd3 Rd1+ 63. Kc2 Rd7 64. Kc3 Kb7 65. Kb4
Kc7 66. Kb5 Rd3 67. Rxf7+ 1-0

[Event "SR 3. liga A2 2014/2015"]
[Site "?"]
[Date "2015.01.25"]
[Round "7.4"]
[White "Doucha, Ludvik"]
[Black "Miciak, Emanuel"]
[Result "1/2-1/2"]
[WhiteElo "2006"]
[BlackElo "1882"]
[PlyCount "96"]
[EventDate "2015.??.??"]

1. e4 e5 2. Nf3 Nc6 3. Bb5 a6 4. Ba4 Nf6 5. O-O Be7 6. Re1 b5 7. Bb3 O-O 8. h3
d6 9. c3 Bb7 10. d4 Re8 11. Nbd2 Bf8 12. a4 Na5 13. Bc2 c5 14. d5 c4 15. Nf1
Nd7 16. Be3 Nc5 17. axb5 axb5 18. Ng3 g6 19. Nh2 Qe7 20. Ng4 Nab3 21. Rb1 Bc8
22. Qf3 Bxg4 23. hxg4 Ra2 24. g5 Rea8 25. Nf1 Ra1 26. Nh2 Rxb1 27. Rxb1 Na1 28.
Bd1 Nd3 29. Ng4 Bg7 30. Nf6+ Kh8 31. Ng4 Ne1 32. Qe2 Nd3 33. g3 Nc5 34. f3 Nab3
35. Bc2 Ra2 36. Qd1 Qd8 37. Nh6 Bxh6 38. gxh6 Qa8 39. Bxc5 Nxc5 40. Qc1 Qa7 41.
Kg2 f6 42. f4 Nd7 43. fxe5 Nxe5 44. Qf4 Qe7 45. Qf2 Ng4 46. Qf4 Ne5 47. Qf2 Ng4
48. Qf4 Ne5 1/2-1/2

[Event "SR 3. liga A2 2014/2015"]
[Site "?"]
[Date "2015.01.25"]
[Round "7.4"]
[White "Podjavorinsky, Michal"]
[Black "Mosny, Jaroslav"]
[Result "0-1"]
[WhiteElo "1736"]
[BlackElo "1998"]
[PlyCount "108"]
[EventDate "2015.??.??"]

1. e4 e5 2. Nf3 d6 3. d4 exd4 4. Nxd4 g6 5. c3 Bg7 6. Be3 Nf6 7. f3 O-O 8. Bd3
Re8 9. O-O d5 10. Nd2 Nbd7 11. N4b3 b6 12. Bg5 Ne5 13. Bc2 Bb7 14. Re1 dxe4 15.
Bxe4 Bxe4 16. Nxe4 Qxd1 17. Raxd1 Nxe4 18. Rxe4 c5 19. Nc1 f6 20. Bf4 f5 21.
Ree1 c4 22. Bxe5 Bxe5 23. g3 Bf6 24. Rxe8+ Rxe8 25. Kf2 Kf7 26. Rd7+ Re7 27.
Rxe7+ Kxe7 28. Ne2 Be5 29. Ke3 Ke6 30. Nd4+ Kd5 31. Ne2 b5 32. h4 a6 33. Nf4+
Kd6 34. g4 Bf6 35. Ng2 Ke5 36. h5 fxg4 37. fxg4 Bg5+ 38. Ke2 Ke4 39. b3 gxh5
40. gxh5 h6 41. bxc4 bxc4 42. a4 a5 43. Ne1 Bf6 44. Nc2 Bxc3 45. Ne3 Kd4 46.
Nc2+ Kc5 47. Ke3 Bf6 48. Ke4 Bg5 49. Ne1 Kb4 50. Kd4 Bf6+ 51. Ke3 Kxa4 52. Kd2
Kb3 53. Kc1 a4 54. Nc2 a3 0-1

[Event "SR 3. liga A2 2014/2015"]
[Site "?"]
[Date "2015.01.25"]
[Round "7.4"]
[White "Bahna, Jan"]
[Black "Lajda, Dusan"]
[Result "0-1"]
[WhiteElo "1940"]
[BlackElo "1853"]
[PlyCount "128"]
[EventDate "2015.??.??"]

1. e4 c5 2. Nc3 d6 3. g3 Nc6 4. Bg2 Nf6 5. d3 g6 6. Nge2 Bg7 7. O-O O-O 8. h3
Rb8 9. a4 b6 10. Be3 Bb7 11. Qd2 Re8 12. Bh6 Bh8 13. f4 Bg7 14. f5 Bxh6 15.
Qxh6 Ne5 16. Nf4 Bc8 17. Ncd5 Nxd5 18. Nxd5 f6 19. fxg6 Nxg6 20. Rf2 Rf8 21.
Raf1 Rf7 22. Kh2 Be6 23. Ne3 Qf8 24. Qh5 Rg7 25. Nf5 Bxf5 26. exf5 Ne5 27. Bd5+
Kh8 28. Rf4 Rg5 29. Qe2 Rc8 30. Re1 Rc7 31. h4 Rg7 32. c3 a5 33. Kh3 Qe8 34.
Re4 Qc8 35. Be6 Qe8 36. b3 Rb7 37. d4 cxd4 38. cxd4 Nc6 39. Qb5 Rb8 40. Rc1 Na7
41. Qc4 d5 42. Qxd5 Nc8 43. Qc6 Qxc6 44. Rxc6 Nd6 45. Re3 h5 46. Rc7 b5 47. Ra7
bxa4 48. bxa4 Rb4 49. Rxa5 Rxd4 50. Ra8+ Kh7 51. Ra3 Ne4 52. Rf3 Rd2 53. a5
Nf2+ 54. Kg2 Ne4+ 55. Kf1 Nxg3+ 56. Ke1 Ne4 57. Bc4 Rb2 58. Bd3 Nc5 59. Be2 Ne4
60. Rd8 Rg2 61. Bf1 Rg1 62. a6 Ra2 63. Re3 Rf2 64. Kd1 Rgxf1+ 0-1

[Event "SR 3. liga A2 2014/2015"]
[Site "?"]
[Date "2015.01.25"]
[Round "7.4"]
[White "Bjel, Jan"]
[Black "Krist, Milan"]
[Result "1/2-1/2"]
[WhiteElo "1823"]
[BlackElo "1913"]
[PlyCount "56"]
[EventDate "2015.??.??"]

1. e4 e6 2. d4 d5 3. exd5 exd5 4. Bd3 Nf6 5. Bg5 Be7 6. Nf3 O-O 7. O-O Bg4 8.
Nbd2 Nbd7 9. c3 Re8 10. Qc2 Nf8 11. Ne5 Bh5 12. Rfe1 a6 13. Nf1 c5 14. dxc5
Bxc5 15. Ng3 Bg6 16. Nxg6 fxg6 17. Rxe8 Qxe8 18. Bxf6 gxf6 19. Qb3 Qf7 20. Rd1
Kg7 21. Ne2 Bd6 22. Ng3 Rd8 23. Bb1 Rd7 24. Qxd5 Qe7 25. Bf5 Rd8 26. Be4 Rd7
27. Bf5 Rd8 28. Be4 Rd7 1/2-1/2

[Event "SR 3. liga A2 2014/2015"]
[Site "?"]
[Date "2015.01.25"]
[Round "7.5"]
[White "Kavon, Rastislav"]
[Black "Takacs, Laszlo"]
[Result "1/2-1/2"]
[WhiteElo "2153"]
[BlackElo "2110"]
[PlyCount "85"]
[EventDate "2015.??.??"]

1. e4 c5 2. Nf3 e6 3. d4 cxd4 4. Nxd4 Nf6 5. Nc3 Nc6 6. Ndb5 d6 7. Bf4 e5 8.
Bg5 a6 9. Na3 b5 10. Nd5 Be7 11. Bxf6 Bxf6 12. c3 Bg5 13. Nc2 O-O 14. a4 bxa4
15. Rxa4 Ne7 16. Bc4 Bb7 17. O-O Kh8 18. Qd3 a5 19. Nxe7 Qxe7 20. Rd1 Rfd8 21.
Rda1 Qc7 22. Bd5 Bxd5 23. Qxd5 Rab8 24. Qxa5 Qxa5 25. Rxa5 Rxb2 26. Nb4 g6 27.
R5a2 Rxa2 28. Rxa2 f5 29. f3 fxe4 30. fxe4 Be3+ 31. Kf1 Bc5 32. Nd3 Rc8 33. Ra6
Kg7 34. g3 h5 35. Kg2 g5 36. g4 h4 37. h3 Rc7 38. Kf1 Kf7 39. Ke2 Ke7 40. Ra8
Rb7 41. Rg8 Kf6 42. Rf8+ Kg6 43. Rf1 1/2-1/2

[Event "SR 3. liga A2 2014/2015"]
[Site "?"]
[Date "2015.01.25"]
[Round "7.5"]
[White "Rachela, Jozef"]
[Black "Bango, Lukas"]
[Result "1/2-1/2"]
[WhiteElo "2048"]
[BlackElo "1917"]
[PlyCount "99"]
[EventDate "2015.??.??"]

1. Nf3 c5 2. c4 Nf6 3. g3 g6 4. Bg2 Bg7 5. O-O O-O 6. d4 cxd4 7. Nxd4 Nc6 8.
Nc3 Nxd4 9. Qxd4 d6 10. Rd1 Qa5 11. a3 Ng4 12. Qe4 Qc5 13. e3 Bxc3 14. bxc3 Ne5
15. Rd4 Rb8 16. Qd5 Be6 17. Qe4 Rfc8 18. Qh4 Nxc4 19. Qxe7 Rc7 20. Qf6 Qe5 21.
Qh4 Qa5 22. Bd2 Rbc8 23. Be1 Qc5 24. a4 Na3 25. Rc1 b5 26. Bf1 d5 27. axb5 Nxb5
28. Rb4 Nd6 29. Ra1 Ne4 30. Rb5 Qc6 31. Rba5 Nxc3 32. Rxa7 Rxa7 33. Rxa7 Qb6
34. Qd4 Qxd4 35. exd4 Ne4 36. Ra1 Nd6 37. Bb4 Ne4 38. Bd3 Rb8 39. Be7 Re8 40.
Bb4 Ng5 41. Bc5 Bg4 42. Bb5 Rb8 43. Ra5 Bf3 44. h4 Ne4 45. Bd3 Kg7 46. Ra1 Rb2
47. Bxe4 Bxe4 48. Bd6 f5 49. Bf4 Rb1+ 50. Rxb1 1/2-1/2

[Event "SR 3. liga A2 2014/2015"]
[Site "?"]
[Date "2015.01.25"]
[Round "7.5"]
[White "Mackovic, Matus"]
[Black "Merva, Frantisek"]
[Result "1-0"]
[WhiteElo "1949"]
[BlackElo "2045"]
[PlyCount "151"]
[EventDate "2015.??.??"]

1. e4 e5 2. Nf3 Nc6 3. Bb5 Nge7 4. c3 d6 5. d4 Bd7 6. O-O Ng6 7. Re1 Be7 8.
Nbd2 O-O 9. Nf1 Kh8 10. Ng3 Bf6 11. d5 Nce7 12. Bxd7 Qxd7 13. c4 Bh4 14. Nxh4
Nxh4 15. Bg5 Nhg6 16. Bxe7 Nxe7 17. Qc2 f5 18. Nxf5 Nxf5 19. exf5 Rxf5 20. f3
Raf8 21. Re4 b6 22. Rae1 a5 23. b3 Qf7 24. h3 Rc8 25. Qd3 Kg8 26. a4 Rf8 27.
Qd2 h6 28. Rg4 Qf6 29. Qf2 Kf7 30. Qh4 Qxh4 31. Rxh4 Ke7 32. Rhe4 Kd7 33. Kf2
c6 34. Rd1 cxd5 35. Rxd5 Rc8 36. g4 Rf6 37. Rexe5 Rcf8 38. Re3 R8f7 39. Red3
Kc6 40. h4 Kc7 41. Kg3 g6 42. R5d4 g5 43. hxg5 hxg5 44. Rd5 Rg6 45. Rf5 Rfg7
46. Rdd5 Kc6 47. f4 gxf4+ 48. Rxf4 Re7 49. g5 Re1 50. Rf3 Rg1+ 51. Kf4 Rg8 52.
Rg3 Rf1+ 53. Kg4 Rh1 54. Rdd3 Kc5 55. Kf5 Rf1+ 56. Rdf3 Rf8+ 57. Kg4 R1xf3 58.
Rxf3 Rg8 59. Rf5+ Kc6 60. Kh5 Kd7 61. Kh6 Ke6 62. Rf3 Rh8+ 63. Kg7 Rh1 64. g6
Rg1 65. Kh7 Ke7 66. g7 Rh1+ 67. Kg8 Re1 68. Rf7+ Ke8 69. Rf6 Ke7 70. Rf5 Re2
71. Kh7 Rh2+ 72. Kg6 Rg2+ 73. Rg5 Rxg5+ 74. Kxg5 Kf7 75. Kh6 Kg8 76. Kg6 1-0

[Event "SR 3. liga A2 2014/2015"]
[Site "?"]
[Date "2015.01.25"]
[Round "7.5"]
[White "Kalmar, Tamas"]
[Black "Lezovic, Maros"]
[Result "1/2-1/2"]
[WhiteElo "1966"]
[BlackElo "1792"]
[PlyCount "60"]
[EventDate "2015.??.??"]

1. d4 d5 2. c4 c6 3. Nc3 Nf6 4. Nf3 Bf5 5. Qb3 Qb6 6. Qxb6 axb6 7. cxd5 Nxd5 8.
Nxd5 cxd5 9. e3 Nc6 10. Bd2 e6 11. Bb5 f6 12. O-O Bd6 13. Rfc1 Rc8 14. Nh4 Bg6
15. Nxg6 hxg6 16. h3 Kf7 17. a3 Na5 18. Bxa5 bxa5 19. Bd7 Rcd8 20. Bb5 Rc8 21.
Kf1 Rhd8 22. Ke2 Ke7 23. Bd3 Kf7 24. Kd2 e5 25. Rxc8 Rxc8 26. dxe5 Bxe5 27. Rc1
Rxc1 28. Kxc1 d4 29. exd4 Bxd4 30. f3 b6 1/2-1/2

[Event "SR 3. liga A2 2014/2015"]
[Site "?"]
[Date "2015.01.25"]
[Round "7.5"]
[White "Lopatievov, Alexander"]
[Black "Matis, Tibor"]
[Result "1/2-1/2"]
[WhiteElo "1926"]
[BlackElo "1664"]
[PlyCount "143"]
[EventDate "2015.??.??"]

1. b4 e5 2. Bb2 Qf6 3. Nf3 Nc6 4. a3 a6 5. e3 d5 6. c4 dxc4 7. Bxc4 Bd6 8. d3
Nge7 9. Nbd2 b5 10. Bb3 O-O 11. Ne4 Qg6 12. O-O Kh8 13. Nxd6 cxd6 14. Qc2 Bh3
15. Ne1 Rac8 16. Qd2 d5 17. Kh1 Be6 18. Nf3 e4 19. dxe4 dxe4 20. Bxe6 exf3 21.
Bh3 Rcd8 22. Qc3 Rd3 23. Qc2 fxg2+ 24. Bxg2 Rd6 25. Be4 Qh6 26. Rg1 f6 27. Rad1
Rxd1 28. Qxd1 Rd8 29. Qc2 Ne5 30. Qc7 Rd7 31. Qb8+ Ng8 32. Bxe5 fxe5 33. Qxe5
Re7 34. Qf5 Nf6 35. Bf3 Qh4 36. Bc6 Qc4 37. Bg2 Qa2 38. e4 Qc2 39. f3 Qc3 40.
Rd1 Qxa3 41. Qc5 Re8 42. e5 Nh5 43. Qd4 Qb3 44. Re1 Qe6 45. Re4 g6 46. f4 Ng7
47. Re1 Nf5 48. Qd5 Qe7 49. Rb1 Ne3 50. Qb7 Qh4 51. Qf7 Qe7 52. Qxe7 Rxe7 53.
Be4 Kg7 54. Kg1 Nc4 55. Kf2 Nd2 56. Re1 Nxe4+ 57. Rxe4 Kf7 58. Rd4 Rc7 59. Ke3
Ke6 60. Ke4 Rc6 61. h4 h5 62. Rd8 Rc4+ 63. Rd4 Rc6 64. Rd8 Ke7 65. Rd4 Ke6 66.
Rd8 Rc4+ 67. Rd4 Rc8 68. Rd6+ Kf7 69. Rf6+ Kg7 70. Rd6 Kf7 71. Rf6+ Kg7 72. Rd6
1/2-1/2

[Event "SR 3. liga A2 2014/2015"]
[Site "?"]
[Date "2015.01.25"]
[Round "7.5"]
[White "Kahanec, Jan"]
[Black "Mackovic, Miroslav"]
[Result "1/2-1/2"]
[WhiteElo "1691"]
[BlackElo "1846"]
[PlyCount "86"]
[EventDate "2015.??.??"]

1. e4 c5 2. Nc3 d6 3. d3 Nc6 4. Be3 Nf6 5. h3 a6 6. Be2 b5 7. a3 e6 8. Bf3 d5
9. exd5 exd5 10. d4 c4 11. Nge2 b4 12. axb4 Bxb4 13. O-O O-O 14. Bg5 Ne7 15.
Bxf6 gxf6 16. Ng3 Bxc3 17. bxc3 Nf5 18. Nh5 Ng7 19. Ng3 Re8 20. Qd2 Rb8 21. Ra2
Rb6 22. Rfa1 f5 23. Ne2 Ne6 24. Nf4 Qg5 25. g3 Nxf4 26. Qxf4 Qxf4 27. gxf4 Bb7
28. Kf1 Rh6 29. Ra5 Rd8 30. Kg2 Re6 31. Rc5 Red6 32. Raa5 R6d7 33. h4 Kg7 34.
h5 Kf6 35. Ra1 Kg7 36. Re1 f6 37. Re6 Kf7 38. Rb6 Ke7 39. Kf1 Bc8 40. Bg2 Rb7
41. Rcc6 Rxb6 42. Rxb6 Kf7 43. Rc6 Kg7 1/2-1/2

[Event "SR 3. liga A2 2014/2015"]
[Site "?"]
[Date "2015.01.25"]
[Round "7.5"]
[White "Capanda, Jan"]
[Black "Gogora, Kristian"]
[Result "1-0"]
[WhiteElo "1762"]
[BlackElo "1528"]
[PlyCount "165"]
[EventDate "2015.??.??"]

1. e4 c5 2. Nf3 e6 3. Nc3 Nc6 4. Bc4 d6 5. a3 a5 6. d3 Nf6 7. O-O Be7 8. h3 O-O
9. Nh2 Qc7 10. Ng4 Rd8 11. Ba2 Nd4 12. f4 b6 13. Ne2 Nc6 14. Ng3 d5 15. e5 Ne8
16. c3 d4 17. Qe2 Ba6 18. Rd1 Rd7 19. f5 Nd8 20. Qf3 Bb7 21. Qf2 Qc6 22. Ne4
dxc3 23. bxc3 exf5 24. Qxf5 Rc7 25. Rf1 Qg6 26. Qf3 c4 27. Re1 cxd3 28. Qxd3
Bxe4 29. Rxe4 Rxc3 30. Qxc3 Qxe4 31. Bb2 Qc6 32. Qd2 Ne6 33. Rc1 Qb7 34. Bb1
Rd8 35. Qc2 Nf8 36. Rf1 Bc5+ 37. Kh1 Qe7 38. a4 Nc7 39. Qf5 Nce6 40. Bc1 Nd4
41. Qh5 Nde6 42. Qf5 Nd4 43. Qh5 Ne2 44. Nh6+ gxh6 45. Qxe2 Qh4 46. Rf4 Qe7 47.
Ba2 Ne6 48. Rf6 Qd7 49. Qg4+ Kh8 50. Bb3 Ng5 51. Qh4 Qd4 52. Qxd4 Bxd4 53. Rxh6
Bxe5 54. Bxg5 f6 55. Bxf6+ Bxf6 56. Rxf6 Rb8 57. Rf7 h6 58. Ra7 Rd8 59. Rb7 Rd6
60. Kh2 Rg6 61. g3 h5 62. h4 Rh6 63. Kh3 Rg6 64. Rb8+ Kg7 65. Rg8+ Kf6 66.
Rxg6+ Kxg6 67. Kg2 Kf5 68. Kf3 Kg6 69. Kf4 Kf6 70. Bc2 Ke6 71. Kg5 Kd5 72. Bg6
Kc5 73. Be8 Kd6 74. Kxh5 Kc7 75. Bb5 Kb7 76. Kg6 Ka7 77. h5 Kb7 78. h6 Ka8 79.
h7 Kb8 80. h8=Q+ Ka7 81. Qg7+ Ka8 82. Bc6+ Kb8 83. Qb7# 1-0

[Event "SR 3. liga A2 2014/2015"]
[Site "?"]
[Date "2015.01.25"]
[Round "7.5"]
[White "Mezes, Kristof"]
[Black "Bango, Dominik"]
[Result "1-0"]
[WhiteElo "1102"]
[BlackElo "1557"]
[PlyCount "67"]
[EventDate "2015.??.??"]

1. d4 d5 2. c4 e6 3. Nc3 Nf6 4. Bg5 Bb4 5. cxd5 exd5 6. Nf3 b6 7. Qa4+ Nbd7 8.
Qxb4 Bb7 9. e3 h6 10. Bxf6 Nxf6 11. Bd3 a5 12. Qa3 Qd7 13. O-O O-O-O 14. Ne5
Qe6 15. Rac1 Ne8 16. Nb5 Kb8 17. b4 axb4 18. Qxb4 g5 19. Qa3 h5 20. Na7 Rd6 21.
Nb5 Rd8 22. Rc2 f5 23. Rfc1 Rh7 24. Na7 Rd6 25. Nac6+ Kc8 26. Ba6 Rxc6 27. Nxc6
Bxa6 28. Qxa6+ Kd7 29. Ne5+ Kd8 30. Qa8+ Qc8 31. Qxd5+ Ke7 32. Ng6+ Kf6 33.
Rc6+ Kg7 34. Qe5+ 1-0